000 00505nam a22001697a 4500
999 _c6308
_d6308
003 OSt
005 20190906112645.0
008 190906b ||||| |||| 00| 0 eng d
040 _cDDC.
082 _a577 Exp 1998.
100 _aEdited by Kareiva,Peter;
_912928
245 _aExploring Ecology and its Applications:
_bReadings from american scientists.
260 _aUSA;
_bSinauer Associates,inc.Publishers,
_c1998.
300 _a277p;
_bcol,ill;
_c28cm.
650 _aBiology.
_95602
942 _2ddc
_cO_SHELF